| 000 | 00577nam a2200205 u 4500 | ||
|---|---|---|---|
| 005 | 20240919064801.0 | ||
| 008 | 071130s2002 r 000 0 eng d | ||
| 020 | _a842881760X | ||
| 035 | _aUPN01000153759 | ||
| 049 | _aCG | ||
| 050 | 4 |
_aLB2838 _bM6.2 |
|
| 100 | 1 | _aMoratalla, Agustín Domingo | |
| 245 | 1 | 0 |
_aCalidad educativa y justicia social / _cAgustín Domingo Moratalla. |
| 260 |
_aMadrid : _bPPC, _c2002. |
||
| 300 | _a222 p. | ||
| 440 | 0 | _aEducar | |
| 650 | 4 |
_aCalidad de la educación _94684 |
|
| 650 | 4 |
_aEducación _xAspectos sociales _95311 |
|
| 905 | _aLibro | ||
| 999 |
_c125880 _d125880 |
||